| 000 | | | 03626nmc2a2200000 x 450 |
| 001 | | | aff1a401-b2ab-4138-a8d8-4a8053d739f4 |
| 005 | | | 20151217132640.0 |
| 100 | ## | $a | 20150904l18491849k l0rusy0189 ca |
| 101 | 0# | $a | rus |
| 102 | ## | $a | RU |
| 200 | 1# | $a | Дело о пожертвовании действительным статским советником Полетикого в пользу Харьковского университета экземпляров сочинения "Описание Египта" |
| | $j | 22 марта - 23 сентября 1849 г. |
| 251 | ## | $c | Дело |
| 300 | ## | $a | Дело |
| 801 | #0 | $a | RU |
| | $b | РГИА |
| | $c | 20150904 |
| | $g | RCR |
| 801 | #1 | $a | RU |
| | $b | ГлавНИВЦ |
| | $c | 20150904 |
| | $2 | rusmarc |
| 801 | #2 | $a | RU |
| | $b | ПБ им. Б.Н. Ельцина |
| | $c | 20151217 |
| | $g | RCR |
| | $2 | rusmarc |
| 850 | ## | $a | РГИА |
| 852 | ## | $a | РГИА |
| | $e | Федеральное казенное учреждение "Российский государственный исторический архив" (РГИА) |
| | $j | 365 |
| 937 | ## | $h | РГИА |
| | $d | 12096019 |
| | $a | ASBIBLIO_SCAN |
| 462 | #0 | $1 | 001d62a801d-57e7-47ec-bb09-d9a5fc5ce961 |
| | $1 | 2001 |
| | $a | Дела Хозяйственного отделения по книжной части Департамента народного просвещения за 1817-1849 гг. |
| | $1 | 251 |
| | $c | Опись |
| | $1 | 852 |
| | $j | 107 |
| 461 | #0 | $1 | 001a74412a3-3cc5-4d21-8f0a-dfe2fbd9e72d |
| | $1 | 2001 |
| | $a | Департамент народного просвещения Министерства народного просвещения |
| | $1 | 251 |
| | $c | Фонд |
| | $1 | 852 |
| | $j | 733 |
| 215 | ## | $a | 32 л. |
| | $d | 36,5х26 см |
| 371 | ## | $a | Документ не является опубликованным и широко распространяемым |
| 105 | ## | $a | y### |
| 122 | 2# | $a | d |
| 035 | ## | $a | aff1a401-b2ab-4138-a8d8-4a8053d739f4 |